000 00357nam a22001337a 4500
008 260601b |||||||| |||| 00| 0 eng d
020 _a9789381275481
082 _a001929
100 _aNagasampige, A V
245 _a Matatrayaritya bimba-pratibimba bhavah,
260 _aBengaluru
_bPoornaprajna Samshodhana Mandiram
_c2016
300 _a398p
942 _2ddc
999 _c1504
_d1504